00307 a2200121 4500001000700000020000600007040001100013100002300024240006300047245005800110300000800168362000900176175375 a  cMagnum aRibenboim, Ricardo10aTridimensionalidade na arte brasileira do século XXlpor10aTridimensionalidade na arte brasileira do século XX a2220 a1997